新潟県に所在する大学 - Statistics

General Stats
  • This quiz has been taken 8 times
  • The average score is 14 of 20
Answer Stats
Hint Answer % Correct
国立 新潟大学
100%
公立 長岡造形大学
100%
国立 長岡技術科学大学
86%
国立 上越教育大学
86%
公立 新潟県立大学
86%
私立 新潟産業大学
86%
公立 三条市立大学
71%
私立 新潟薬科大学
71%
私立 敬和学園大学
71%
私立 新潟工科大学
71%
私立 新潟青陵大学
71%
私立 新潟医療福祉大学
71%
私立 長岡大学
71%
公立 新潟県立看護大学
57%
私立 新潟国際情報大学
57%
私立 新潟経営大学
57%
私立 長岡崇徳大学
57%
私立 新潟リハビリテーション大学
43%
私立 新潟食料農業大学
43%
私立 開志専門職大学
43%
No matching quizzes found
Score Distribution
Percent of People with Each Score
Percentile by Number Answered
Your Score History
You have not taken this quiz